00437cam a22001452 4500001001100000005001700011008004100028040001500069050001700084100003100101245004700132260005400179300001400233651004400247000000155620151217155811.0070315s xx 000 0 eng d aKABUcKABU 0aDT36.3b.A941 aAxelson, Eric.@000015039610aPortuguese in South-East Africa 1600-1700. aJohannesburg :bWitwatersrand Univ. Press,c1960. ax, 226 p. 0aPortugalxColonieszAfrica.@0000150397